La discapacidad mental ante el procedimiento administrativo previsional (Registro nro. 29889)

Detalles MARC
000 -LEADER
fixed length control field 00354 a2200109 4500
001 - CONTROL NUMBER
control field ART_51243
005 - DATE AND TIME OF LATEST TRANSACTION
control field 20260410161945.0
008 - FIXED-LENGTH DATA ELEMENTS--GENERAL INFORMATION
fixed length control field 260409a
100 1# - MAIN ENTRY--PERSONAL NAME
Personal name Carnota, Walter F.
245 10 - TITLE STATEMENT
Title La discapacidad mental ante el procedimiento administrativo previsional
773 0# - HOST ITEM ENTRY
Title Temas de derecho laboral
Related parts - N° 9 (sep. 2020)
Record control number REV27619

No hay ítems disponibles.